| 000 | 00787nam a2200229 a 4500 | ||
|---|---|---|---|
| 001 | 000047010 | ||
| 005 | 20201002053301.0 | ||
| 008 | 180411s2015 dr a r 000 0 spa d | ||
| 020 | _a9789945495720 | ||
| 040 |
_aDO-SdBNP _bspa _cBNPHU |
||
| 082 |
_axxx _bP343e, 3ro. |
||
| 100 | 1 |
_aPayán Velez, Carolina _bV436e _974865 |
|
| 245 | 1 | 0 |
_aEducación artística 3 : _btercer grado, primer ciclo ; educacián primaria / _cCarolina Payán Velez ; Verónica Veloz ; colaboración Mariela Minaya. |
| 260 |
_aSanto Domingo : _bActualidad, _c2015. |
||
| 300 |
_a160 p. : _bil. ; _c28 cm. |
||
| 490 | 1 | _aVeraz | |
| 504 | _aBibliografía : p. 160 | ||
| 590 | _aInventariado, 2019/MFF | ||
| 700 | 1 |
_aVeloz , Verónica _974866 |
|
| 700 | 1 |
_aMinaya, Mariela, _ecol. _974883 |
|
| 830 | 0 |
_aVeraz _974848 |
|
| 999 |
_c46498 _d46498 |
||